Metodika spracúvania biografických diel Biografická dokumentácia ako základ tvorby biografických diel

Bibliographic Details
Main Author: Parenička, Pavol, 1959- (Author)
Format: Article
Language:Slovak
ISSN:1335-7026
Subjects:
Online Access:http://www.snk.sk/images/snk/casopis_kniznica/2005/september/47.pdf

MARC

LEADER 00000nab a2200000 a 4500
001 vtls008417290
003 SK-MaSNL
005 20260304140119.0
008 250505c2005 xo mr|p|||||||000 b|slo
015 |a SNBRB2005/12  |2 snkbucl 
035 |a (uuid)c9cadac1-6eae-4530-89ce-689f0e2c6995 
035 |a urn:nbn:sk:snk-abbzfj 
035 |a (urnnbn)urn:nbn:sk:snk:ar-000o99 
038 |a SNKBUCL 
040 |a SNKBUCL  |b slo  |c SNKBUCL  |e AACR2 
041 0 |a slo 
044 |a xo  |c SK 
080 |a 81'374  |2 1997 
080 |a 929  |2 1997 
100 1 |a Parenička, Pavol,  |d 1959-  |4 aut  |9 100367 
245 1 0 |a Metodika spracúvania biografických diel  |b Biografická dokumentácia ako základ tvorby biografických diel  |c Pavol Parenička 
500 |a Poznámky 
650 0 7 |a biografistika  |2 snkbucl  |9 74588 
650 0 7 |a biografická dokumentácia  |2 snkbucl  |9 833442 
650 0 7 |a metodika  |2 snkbucl  |9 280023 
773 0 |t Knižnica  |g Roč. 6, č. 9 (2005), s. 47-50  |x 1335-7026 
850 |a Slovenská národná knižnica 
852 |a Slovenská národná knižnica 
856 4 1 |u http://www.snk.sk/images/snk/casopis_kniznica/2005/september/47.pdf 
954 |a odborná, vedecká literatúra pôvodná (slovenská)  |2 lita 
958 |a article15 
958 |a OND 
958 |a KL 
958 |a EUIPO 
999 |c 2913705  |d 2915635